Czy rozpoznasz tę grę po krótkim opisie? - Statystyki

Ogólne statystyki
  • Ten quiz został rozwiązany 568 razy
  • Średni wynik to 5 z 9
Statystyki odpowiedzi
Opis Odpowiedź % Poprawnych
Gra, pomimo tego, że została wydana około 8 lat temu, stale jest rozwijana przez twórców (SCS Software) oraz scenę moderską. Polega na przemierzaniu Europy ciężarówką. ETS 2
70%
Gra Rockstara, w której gramy trójką głównych bohaterów. Akcja rozpoczyna się w North Yankton. Wiliextreme zrobił dość dużą serię na swoim kanale, dotyczącą tajemnic i ciekawostek z tego tytułu. Grand Theft Auto V
69%
Seria gier Giants Software, w której odsłonach wcielamy się w rolnika. Farming Simulator
67%
Gra polega na projektowaniu więzienia. W Polsce stała się popularna dzięki Avalkizowi. Prison Architect
62%
Gra Ubisoftu, 5 odsłona głównej serii. Naszymi głównymi przeciwnikami jest rodzina Seedów. Far Cry 5
50%
Gra Paradoxu, polega na budowaniu miasta. Stale jest ulepszana za pomocą dodatków- najnowszy to Sunset Harbor. Cities Skylines
41%
Gra polega na zbudowaniu sieci metra, ogrywał ją m. in. Mandzio. Mini Metro
38%
Gra polskich twórców (Play Way). Do tej pory powstało do niej 1 DLC (umożliwia budowę ogrodów), a cała gra opiera się na wykonywaniu remontów w domach. House Flipper
36%
Kontynuacja powyższego tytułu, spotkała się z dużym hejtem ze względu na "leniwość" Ubisoftu (pozostała ta sama mapa, zmieniona została roślinność oraz postarzone postacie), nafaszerowana kolorem różowym. Far Cry New Dawn
32%
Nie znaleziono quizów pasujących do podanych kryteriów
Rozkład punktacji
Procent ludzi z każdym wynikiem
Percentyl według liczby udzielonych odpowiedzi
Twoja historia wyników
Nie rozwiązałeś tego quizu